|
|
|
|
| LEADER |
00000nam a2200000 4500 |
| 001 |
vtls012244930 |
| 003 |
SK-MaSNL |
| 005 |
20260301173720.0 |
| 008 |
231128t2023 xo hoa grhn 000 0cslo |
| 015 |
|
|
|a SNBA2024/01
|
| 020 |
|
|
|a 9788080432577
|q (viazané)
|
| 040 |
|
|
|a SNK
|b slo
|c SNK
|e rda
|
| 041 |
0 |
|
|a slo
|b eng
|b ger
|
| 043 |
|
|
|a e-xo---
|
| 044 |
|
|
|a xo
|c SK
|
| 072 |
|
7 |
|a 615
|x Farmácia. Farmakológia
|2 konspekt
|
| 072 |
|
7 |
|a 929
|x Biografie
|2 konspekt
|
| 080 |
|
|
|a 615.1
|2 2011
|
| 080 |
|
|
|a (437.641)
|2 2011
|
| 080 |
|
|
|a 615.15
|2 2011
|
| 080 |
|
|
|a 615.014
|2 2011
|
| 080 |
|
|
|a 929(092)
|2 2011
|
| 080 |
|
|
|a 615.12
|2 2011
|
| 080 |
|
|
|a (048.8)
|2 2011
|
| 100 |
1 |
|
|a Krchnáková, Lucia,
|d 1975-
|4 aut
|9 182634
|
| 245 |
1 |
0 |
|a Kremnickí lekárnici
|b od konca stredoveku do polovice 20. storočia
|c Lucia Krchnáková
|
| 250 |
|
|
|a Prvé vydanie
|
| 264 |
|
1 |
|a [Kremnica]
|b Národná banka Slovenska - Múzem mincí a medailí
|c [2023]
|
| 264 |
|
4 |
|c ©2023
|
| 300 |
|
|
|a 95 strán
|b faksimile, fotografie, ilustrácie
|c 22 cm
|
| 336 |
|
|
|a text
|b txt
|2 rdacontent
|
| 336 |
|
|
|a statický obraz
|b sti
|2 rdacontent
|
| 337 |
|
|
|a bez média
|b n
|2 rdamedia
|
| 338 |
|
|
|a zväzok
|b nc
|2 rdacarrier
|
| 366 |
|
|
|e 700 kusov
|
| 500 |
|
|
|a Miesto vydania podľa NA ISBN
|
| 500 |
|
|
|a Obsahuje poznámky ; zoznam skratiek
|
| 504 |
|
|
|a Obsahuje bibliografiu na strane 92-94, bibliografické odkazy
|
| 546 |
|
|
|a Anglické a nemecké resumé
|
| 650 |
0 |
7 |
|a farmácia
|2 SNKPH
|9 2467
|
| 650 |
0 |
7 |
|a Pharmacy
|2 SNKPHeng
|9 265418
|
| 650 |
0 |
7 |
|a lekárnici
|2 SNKPH
|9 17741
|
| 650 |
0 |
7 |
|a Pharmacists
|2 SNKPHeng
|9 266828
|
| 650 |
0 |
7 |
|a lekárenstvo
|2 SNKPH
|9 105974
|
| 650 |
0 |
7 |
|a lekárne
|2 SNKPH
|9 2516
|
| 650 |
0 |
7 |
|a Pharmacies
|2 SNKPHeng
|9 274686
|
| 651 |
|
7 |
|a Kremnica (Slovensko)
|2 SNKPHgeo
|9 26188
|
| 651 |
|
7 |
|a Kremnica (Slovakia)
|2 SNKPHeng
|9 275910
|
| 655 |
|
7 |
|a biografie
|2 SNKPH
|9 27965
|
| 655 |
|
7 |
|a Biography
|2 SNKPHeng
|9 266314
|
| 655 |
|
7 |
|a monografie
|2 SNKPH
|9 70139
|
| 655 |
|
7 |
|a Monographs
|2 SNKPHeng
|9 120675
|
| 700 |
1 |
|
|a Ondrašovič, Radoslav
|4 pht
|9 367962
|
| 700 |
1 |
|
|a Plekanec, Matej
|4 pht
|9 46336
|
| 700 |
1 |
|
|a Lacko, Miloš
|4 pht
|9 353190
|
| 700 |
1 |
|
|a Hellenstein, Otto
|4 pht
|9 545016
|
| 700 |
1 |
|
|a Čillík, Ivan
|c (fotograf)
|4 pht
|9 162522
|
| 700 |
1 |
|
|a Novotná, Barbora
|4 bkd
|9 414369
|
| 700 |
1 |
|
|a Harvan, Daniel,
|d 1976-
|4 rev
|9 227298
|
| 700 |
1 |
|
|a Švoliková, Marta
|4 rev
|9 309831
|
| 852 |
|
|
|a Slovenská národná knižnica
|
| 919 |
|
|
|a 978-80-8043-257-7
|
| 954 |
|
|
|a odborná, vedecká literatúra pôvodná (slovenská)
|2 lita
|
| 958 |
|
|
|a BX
|
| 958 |
|
|
|a MI
|
| 958 |
|
|
|a NB
|
| 999 |
|
|
|c 837473
|d 839403
|
| 952 |
|
|
|a SNK
|b SNK
|y PREZ
|7 0
|p 17A1539738
|o snkSC 204389
|i snk2023/17329
|8 0
|0 0
|1 0
|4 0
|d 2023-11-28
|f 1
|l 0
|r 2025-10-28 00:00:00
|w 2026-02-24
|